000 01730nam a2200253 a 4500
001 000026318
005 20260212122153.0
008 110312s2001 dr a 000 0 spa d
040 _aDO-SdBNP
_bspa
_cBNPHU
082 _a306.81
_bP376s
100 1 _aPeguero Colón, Samuel
_92205
245 1 0 _aSecretos para ponerle chispa a tu matrimonio :
_bseminarios en power point /
_cSamuel Peguero Colón.
260 _aSanto Domingo :
_bEl Remanente,
_c2001.
300 _a82 p. :
_bil. ;
_c28 cm.
500 _aLa biblioteca posee el v.2
504 _aBibliografía: p. 82
505 0 _aEquipo de asesoría técnica --
_tDedicatoria --
_tPrólogo --
_gSección 1.
_tCondición de género hombre/mujer: dramáticas realidades --
_tLa mujer. ¿Reina o esclava? --
_gSección 2.
_tLa comunicación conyugal --
_tEn busca de una comunicación positiva --
_gSección 3.
_tLa pareja y las finanzas --
_tComo administrar las finanzas del hogar --
_tEvitando y enfrentando crisis financiera --
_gSección 4.
_tLa pareja y el sexo --
_tHaciendo del acto sexual un evento más interesante --
_tAjuste y disfrute sexual en diversas circunstancias --
_gSección 5.
_tLa pareja crisis y oportunidades --
_tManifestación y origen del conflicto --
_t¿Cómo influye el orden de nacimiento en la conducta? --
_tOtros factores exógenos --
_tCómo pelear con provecho --
_gSección 6.
_tPongale chispa a su matrimonio --
_tSecretos para ponerle chispa a tu matrimonio --
_tSecretos para ponerle chispa a su matrimonio --
_tOtras obras del autor.
590 _aInventariado,2018/DG
650 0 _aMatrimonio
_9797
650 0 _aParejas
_92206
650 4 _aSexo en el matrimonio
_9804
650 0 _aRelaciones familiares
_9801
910 _aValidado. Control de calidad MMOLINA
999 _c25810
_d25810